00308cam a22001097a 4500008004000000082001600040100002000056245003800076260003900114300001200153650003300165180718b1956 xxu||||| |||| 00| 0 eng d aD49x52 T572 aTogo, Shigenori aCause of Japancby Shigenori Togo aNew YorkbSimon and Schusterc1956 av, 372p aWorld War, 1939-1945 --Japan